| 000 | 00482cam a2200193ua 4500 | ||
|---|---|---|---|
| 020 | _c12.00 | ||
| 041 |
_aeng _h |
||
| 082 |
_a530 _bGRE/PR |
||
| 100 | _aGreene, Earnest S . | ||
| 245 |
_aPrinciples of physics / _cEarnest S Greene. _hTextual Documents |
||
| 250 |
_a1 / _b. |
||
| 260 |
_aNew Delhi : _bPrentice Hall of India Pvt Ltd. , _c1965. |
||
| 300 | _a806 ; . | ||
| 365 | _a12.00 | ||
| 504 | _a | ||
| 942 | _cBK | ||
| 999 |
_c10693 _d10693 |
||